Islam Ki khuli Shahrah / (Record no. 616227)
[ view plain ]
| 000 -LEADER | |
|---|---|
| fixed length control field | 00428nam a22001697a 4500 |
| 003 - CONTROL NUMBER IDENTIFIER | |
| control field | NUST |
| 005 - DATE AND TIME OF LATEST TRANSACTION | |
| control field | 20260216162148.0 |
| 008 - FIXED-LENGTH DATA ELEMENTS--GENERAL INFORMATION | |
| fixed length control field | 260216b ||||| |||| 00| 0 eng d |
| 082 ## - DEWEY DECIMAL CLASSIFICATION NUMBER | |
| Classification number | 297 |
| Author Mark | ASA |
| 100 ## - MAIN ENTRY--PERSONAL NAME | |
| Personal name | Muhammad Asad. |
| 245 ## - TITLE STATEMENT | |
| Title | Islam Ki khuli Shahrah / |
| Statement of responsibility, etc. | Muhammad Asad. |
| 260 ## - PUBLICATION, DISTRIBUTION, ETC. | |
| Place of publication, distribution, etc. | Pakistan |
| Name of publisher, distributor, etc. | Al-Toheed Global Foundation, |
| 300 ## - PHYSICAL DESCRIPTION | |
| Extent | 103 p ; |
| Dimensions | 24.5 cm |
| 546 ## - LANGUAGE NOTE | |
| Language note | Urdu |
| 563 ## - BINDING INFORMATION | |
| Binding note | Paperback |
| 942 ## - ADDED ENTRY ELEMENTS (KOHA) | |
| Source of classification or shelving scheme | |
| Koha item type | Book |
| Withdrawn status | Lost status | Source of classification or shelving scheme | Damaged status | Not for loan | Permanent Location | Current Location | Date acquired | Total Checkouts | Full call number | Barcode | Date last seen | Price effective from | Koha item type |
|---|---|---|---|---|---|---|---|---|---|---|---|---|---|
| Institute of Geographical Information Systems (IGIS) | Institute of Geographical Information Systems (IGIS) | 02/16/2026 | 297 ASA | IGIS-1356 | 02/16/2026 | 02/16/2026 | Book | ||||||
| Institute of Geographical Information Systems (IGIS) | Institute of Geographical Information Systems (IGIS) | 02/16/2026 | 297 ASA | IGIS-1357 | 02/16/2026 | 02/16/2026 | Book | ||||||
| Institute of Geographical Information Systems (IGIS) | Institute of Geographical Information Systems (IGIS) | 02/16/2026 | 297 ASA | IGIS-1358 | 02/16/2026 | 02/16/2026 | Book | ||||||
| Institute of Geographical Information Systems (IGIS) | Institute of Geographical Information Systems (IGIS) | 02/16/2026 | 297 ASA | IGIS-1359 | 02/16/2026 | 02/16/2026 | Book | ||||||
| Institute of Geographical Information Systems (IGIS) | Institute of Geographical Information Systems (IGIS) | 02/16/2026 | 297 ASA | IGIS-1360 | 02/16/2026 | 02/16/2026 | Book |
